[Event "Vigevano op 1st"]
[Site "Vigevano"]
[Date "2025.05.31"]
[Round "1"]
[White "Del Nevo, Claudio"]
[Black "Nalbandyan, Vahan"]
[Result "0-1"]
[WhiteElo "1716"]
[BlackElo "2155"]
[PlyCount "94"]
[EventDate "2025.05.31"]
[EventType "swiss"]
[EventRounds "7"]
[EventCountry "ITA"]
[SourceTitle "CB23_2025"]
[SourceDate "2025.06.04"]
[SourceVersion "1"]
[SourceVersionDate "2025.06.04"]
[SourceQuality "1"]

1. d4 Nf6 2. Nf3 e6 3. Bg5 d5 4. c3 Be7 5. Bxf6 Bxf6 6. e3 0-0 7. Bd3 b6 8. Qc2 h6 9. Nbd2 c5 10. g4 cxd4 11. exd4 Re8 12. 0-0-0 Nd7 13. h4 e5 14. dxe5 Nxe5 15. Nxe5 Bxe5 16. g5 Bf4 17. Kb1 Qd6 18. gxh6 Bxh6 19. Rde1 Bd7 20. Nf3 Rxe1+ 21. Rxe1 Re8 22. Rxe8+ Bxe8 23. Qe2 Kf8 24. Nd4 Qf4 25. a3 g6 26. h5 Qd2 27. Qxd2 Bxd2 28. hxg6 fxg6 29. Kc2 Be1 30. f4 Ke7 31. f5 g5 32. Nf3 Bh4 33. Kd2 Kf6 34. Ke2 Bh5 35. Ke3 Bg3 36. b3 Bf4+ 37. Kf2 Bc1 38. a4 Bb2 39. c4 dxc4 40. bxc4 Bg4 41. Ne1 Bxf5 42. Bxf5 Kxf5 43. Nd3 Bd4+ 44. Kg3 a5 45. Ne1 g4 46. Ng2 Be5+ 47. Kf2 Ke4 0-1

[Event "Arco op 45th"]
[Site "Arco"]
[Date "2023.10.09"]
[Round "3"]
[White "Mastroddi, Emiliano"]
[Black "Del Nevo, Claudio"]
[Result "1/2-1/2"]
[WhiteElo "1945"]
[BlackElo "1632"]
[PlyCount "26"]
[EventDate "2023.10.07"]
[EventType "swiss"]
[EventRounds "9"]
[EventCountry "ITA"]
[SourceTitle "CBM 216 Extra"]
[Source "ChessBase"]
[SourceDate "2023.11.30"]
[SourceVersion "1"]
[SourceVersionDate "2023.11.30"]
[SourceQuality "1"]

1. e4 d6 2. d4 Nf6 3. Nc3 c6 4. f4 Bg4 5. Nf3 Nbd7 6. Bd3 e5 7. Be3 Qb6 8. Qd2 Qc7 9. 0-0 Bxf3 10. Rxf3 Ng4 11. Kh1 Nxe3 12. Qxe3 Qb6 13. fxe5 dxe5 1/2-1/2

[Event "Arco op 44th"]
[Site "Arco"]
[Date "2022.10.11"]
[Round "4"]
[White "Del Nevo, Claudio"]
[Black "Crispino, Anna"]
[Result "0-1"]
[WhiteElo "1699"]
[BlackElo "1285"]
[PlyCount "48"]
[EventDate "2022.10.08"]
[EventType "swiss"]
[EventRounds "9"]
[EventCountry "ITA"]
[SourceTitle "CBM 210 Extra"]
[Source "ChessBase"]
[SourceDate "2022.11.30"]
[SourceVersion "1"]
[SourceVersionDate "2022.11.30"]
[SourceQuality "1"]

1. d4 Nf6 2. Nf3 d6 3. Bg5 e6 4. e3 Nbd7 5. c3 Be7 6. Bd3 0-0 7. Qc2 c6 8. Nbd2 e5 9. dxe5 dxe5 10. 0-0-0 h6 11. h4 Ng4 12. Bxe7 Qxe7 13. Rdf1 Nc5 14. Bf5 Nf6 15. Bxc8 Raxc8 16. Qf5 g6 17. Qc2 e4 18. Nh2 Rcd8 19. g4 Nfd7 20. Rd1 Nd3+ 21. Kb1 Nxf2 22. Rhf1 Nxd1 23. Qxd1 Qxh4 24. Nxe4 Qe7 0-1

[Event "Arco op 44th"]
[Site "Arco"]
[Date "2022.10.10"]
[Round "3"]
[White "Burri, Roland"]
[Black "Del Nevo, Claudio"]
[Result "0-1"]
[WhiteElo "1448"]
[BlackElo "1699"]
[PlyCount "66"]
[EventDate "2022.10.08"]
[EventType "swiss"]
[EventRounds "9"]
[EventCountry "ITA"]
[SourceTitle "CBM 210 Extra"]
[Source "ChessBase"]
[SourceDate "2022.11.30"]
[SourceVersion "1"]
[SourceVersionDate "2022.11.30"]
[SourceQuality "1"]

1. e4 d6 2. Bc4 Nf6 3. Nc3 c6 4. h3 g6 5. d4 b5 6. Bd3 Bg7 7. Be3 Bb7 8. Qd2 Nbd7 9. Nf3 e5 10. a3 a6 11. 0-0 0-0 12. Bh6 exd4 13. Nxd4 Ne5 14. Bxg7 Kxg7 15. f4 Nxd3 16. cxd3 Qb6 17. Qf2 c5 18. Nf3 Qc7 19. Rae1 b4 20. axb4 cxb4 21. Nd1 Rac8 22. e5 Nh5 23. Qh4 Qd8 24. Qg4 Bxf3 25. Qxf3 dxe5 26. fxe5 Kg8 27. Qe4 Ng3 28. Qe3 Nxf1 29. Rxf1 Qd5 30. Rf2 Rcd8 31. Rd2 Qd4 32. Kf2 Rfe8 33. Re2 Qxe3+ 0-1

[Event "Arco op 43rd"]
[Site "Arco"]
[Date "2021.10.15"]
[Round "7"]
[White "Joller, Hans"]
[Black "Del Nevo, Claudio"]
[Result "1-0"]
[WhiteElo "1728"]
[BlackElo "1629"]
[PlyCount "35"]
[EventDate "2021.10.09"]
[EventType "swiss"]
[EventRounds "9"]
[EventCountry "ITA"]
[SourceTitle "CBM 204 Extra"]
[Source "ChessBase"]
[SourceDate "2021.11.30"]
[SourceVersion "1"]
[SourceVersionDate "2021.11.30"]
[SourceQuality "1"]

1. e4 d6 2. d4 Nf6 3. Nc3 c6 4. Bd3 e5 5. dxe5 dxe5 6. Bg5 Be6 7. Nf3 Nbd7 8. 0-0 Be7 9. Qe2 0-0 10. Rad1 Qc7 11. Nh4 h6 12. Be3 Nxe4 13. Nxe4 Bxh4 14. Qh5 Qd8 15. Bxh6 f5 16. Bg5 Bxg5 17. Nxg5 Rf6 18. Nxe6 1-0

[Event "Verona op-B"]
[Site "Verona"]
[Date "2019.01.06"]
[Round "7"]
[White "Negro, Raffaele"]
[Black "Del Nevo, Claudio"]
[Result "1-0"]
[WhiteElo "1842"]
[BlackElo "1670"]
[PlyCount "131"]
[EventDate "2019.01.02"]
[EventType "swiss"]
[EventRounds "7"]
[EventCountry "ITA"]
[SourceTitle "EXT 2021"]
[Source "ChessBase"]
[SourceDate "2020.10.23"]
[SourceVersion "1"]
[SourceVersionDate "2020.10.23"]
[SourceQuality "1"]

1. d4 d6 2. e4 Nf6 3. Nc3 c6 4. f4 g6 5. Nf3 Bg7 6. Bd3 0-0 7. 0-0 Bg4 8. h3 Bxf3 9. Qxf3 Qb6 10. Ne2 Nbd7 11. Kh1 e5 12. dxe5 dxe5 13. Be3 Qc7 14. f5 c5 15. b3 a6 16. a4 Nb6 17. Qf2 Nbd7 18. Qh4 Nb6 19. a5 Nc8 20. Bg5 Qc6 21. fxg6 fxg6 22. Bc4+ Kh8 23. Bd5 Nxd5 24. Rxf8+ Bxf8 25. exd5 Qxd5 26. Rf1 Nd6 27. Bf6+ Kg8 28. Qg3 Ne4 29. Qxe5 Qxe5 30. Bxe5 Re8 31. Bf4 g5 32. Bc1 h6 33. Kg1 Bg7 34. Rf5 Re5 35. Rf3 Rd5 36. Re3 Re5 37. Bb2 Re8 38. Bxg7 Kxg7 39. Nc3 Nd6 40. Rxe8 Nxe8 41. Ne4 c4 42. bxc4 Kg6 43. Kf2 Kf5 44. Ke3 Ke5 45. Nc5 Nd6 46. Nd3+ Ke6 47. c5 Nc4+ 48. Ke4 Nxa5 49. Ne5 Nc6 50. Ng4 a5 51. Nxh6 a4 52. Kd3 Kd5 53. Nf7 Nd4 54. c6 Nxc6 55. Nxg5 b5 56. Kc3 b4+ 57. Kb2 Kc4 58. Ne4 a3+ 59. Kb1 Nd4 60. h4 Ne2 61. h5 Nc3+ 62. Nxc3 Kxc3 63. h6 a2+ 64. Kxa2 Kxc2 65. h7 b3+ 66. Ka3 1-0

[Event "Verona op-B"]
[Site "Verona"]
[Date "2019.01.04"]
[Round "4"]
[White "Bernasconi, Roberto"]
[Black "Del Nevo, Claudio"]
[Result "0-1"]
[WhiteElo "1774"]
[BlackElo "1670"]
[PlyCount "56"]
[EventDate "2019.01.02"]
[EventType "swiss"]
[EventRounds "7"]
[EventCountry "ITA"]
[SourceTitle "CBM 188 Extra"]
[Source "ChessBase"]
[SourceDate "2019.02.28"]
[SourceVersion "1"]
[SourceVersionDate "2019.02.28"]
[SourceQuality "1"]

1. e4 d6 2. d4 Nf6 3. Nc3 c6 4. f4 g6 5. Nf3 Bg4 6. Be3 Bg7 7. Bd3 Nbd7 8. 0-0 e5 9. fxe5 dxe5 10. d5 0-0 11. dxc6 bxc6 12. h3 Bxf3 13. Qxf3 Qc7 14. Bc4 Rab8 15. Rab1 Nb6 16. Bb3 c5 17. a3 c4 18. Ba2 Nh5 19. g4 Nf4 20. Ne2 g5 21. Kh2 Qc6 22. Ng3 Rb7 23. Nf5 Na4 24. Rfd1 Qc7 25. Nd6 Rxb2 26. Rxb2 Nxb2 27. Rb1 Qxd6 28. Bxf4 exf4 0-1

[Event "Arco op 40th"]
[Site "Arco"]
[Date "2018.10.17"]
[Round "5"]
[White "Del Nevo, Claudio"]
[Black "Bonini, Roberto"]
[Result "0-1"]
[WhiteElo "1691"]
[BlackElo "1808"]
[PlyCount "51"]
[EventDate "2018.10.13"]
[EventType "swiss"]
[EventRounds "9"]
[EventCountry "ITA"]
[SourceTitle "CBM 186 Extra"]
[Source "ChessBase"]
[SourceDate "2018.08.24"]
[SourceVersion "1"]
[SourceVersionDate "2018.08.24"]
[SourceQuality "1"]

1. d4 Nf6 2. Nf3 d5 3. Bg5 Nbd7 4. e3 c5 5. c3 g6 6. Bb5 Bg7 7. Bxf6 Bxf6 8. dxc5 0-0 9. Qxd5 e6 10. Qc4 Ne5 11. Nxe5 Bxe5 12. Qe4 Qc7 13. Nd2 Qxc5 14. Be2 Bd7 15. 0-0 Bc6 16. Qc4 Qd6 17. g3 Qxd2 18. Rad1 Qxb2 19. Bg4 Qxc3 20. Bxe6 Qxc4 21. Bxc4 Rfd8 22. f4 Bc7 23. Rde1 Rd2 24. e4 Bb6+ 25. Kh1 Kg7 26. Re2 0-1

[Event "Arco op 40th"]
[Site "Arco"]
[Date "2018.10.15"]
[Round "3"]
[White "Del Nevo, Claudio"]
[Black "Bortolotti, Silvano"]
[Result "1/2-1/2"]
[WhiteElo "1691"]
[BlackElo "1817"]
[PlyCount "53"]
[EventDate "2018.10.13"]
[EventType "swiss"]
[EventRounds "9"]
[EventCountry "ITA"]
[SourceTitle "CBM 186 Extra"]
[Source "ChessBase"]
[SourceDate "2018.08.24"]
[SourceVersion "1"]
[SourceVersionDate "2018.08.24"]
[SourceQuality "1"]

1. d4 b6 2. Nf3 Bb7 3. c3 e6 4. Bg5 Ne7 5. e3 h6 6. Bh4 d6 7. Bd3 Nd7 8. Nbd2 Qc8 9. Bxe7 Bxe7 10. Qc2 c5 11. 0-0 0-0 12. Rad1 d5 13. Rfe1 cxd4 14. exd4 Ba6 15. Ne5 Nf6 16. Ndf3 Bxd3 17. Qxd3 Bd6 18. g4 Ne4 19. Kg2 Qe8 20. Nd2 Bxe5 21. dxe5 Nc5 22. Qe2 a5 23. h4 Qa4 24. a3 Qf4 25. Qf3 Qxf3+ 26. Nxf3 b5 27. Nd4 1/2-1/2

[Event "Arco op-A 39th"]
[Site "Arco"]
[Date "2017.10.14"]
[Round "8"]
[White "Kellner, Nikolaus"]
[Black "Del Nevo, Claudio"]
[Result "1/2-1/2"]
[WhiteElo "1657"]
[BlackElo "1787"]
[PlyCount "102"]
[EventDate "2017.10.07"]
[EventType "swiss"]
[EventRounds "9"]
[EventCountry "ITA"]
[SourceTitle "CBM 181 Extra"]
[Source "ChessBase"]
[SourceDate "2017.12.12"]
[SourceVersion "1"]
[SourceVersionDate "2017.12.12"]
[SourceQuality "1"]

1. g4 d6 2. Bg2 c6 3. h3 Nf6 4. g5 Nfd7 5. d4 g6 6. Nf3 Bg7 7. Nc3 Qc7 8. Bf4 b5 9. a3 Bb7 10. Bg3 a6 11. e4 e5 12. d5 c5 13. h4 Nb6 14. b3 N8d7 15. Qe2 Rc8 16. Bh3 b4 17. Nb1 a5 18. Qb5 Ra8 19. axb4 cxb4 20. Rxa5 Rxa5 21. Qxa5 Qxc2 22. 0-0 Qxe4 23. Nbd2 Qxd5 24. Qxb4 0-0 25. Re1 Ra8 26. Bxd7 Nxd7 27. Rc1 Nc5 28. Qc4 Ra2 29. b4 Rxd2 30. Qxd5 Rxd5 31. bxc5 Rxc5 32. Rxc5 dxc5 33. Nxe5 Bxe5 34. Bxe5 Bd5 35. Kf1 Kf8 36. Bd6+ Ke8 37. Bxc5 Kd7 38. Ke2 Ke6 39. f3 Kf5 40. Ke3 f6 41. Be7 fxg5 42. hxg5 Ke6 43. Bd8 Bb7 44. f4 Bc6 45. Bc7 Bb7 46. Be5 Bc6 47. Kd4 Kf7 48. Kc5 Ba4 49. Kd6 Be8 50. Bh8 Ba4 51. Ke5 Bc2 1/2-1/2

[Event "Verona op-B"]
[Site "Verona"]
[Date "2017.01.02"]
[Round "1.19"]
[White "Del Nevo, Claudio"]
[Black "Leone, Cataldo"]
[Result "1-0"]
[WhiteElo "1756"]
[BlackElo "1620"]
[PlyCount "144"]
[EventDate "2017.01.02"]
[EventType "swiss"]
[EventRounds "7"]
[EventCountry "ITA"]
[SourceTitle "EXT 2018"]
[Source "ChessBase"]
[SourceDate "2017.10.13"]
[SourceVersion "1"]
[SourceVersionDate "2017.10.13"]
[SourceQuality "1"]

1. d4 d5 2. Nf3 c6 3. c3 Bf5 4. Nh4 Bc8 5. Bf4 Nf6 6. Bxb8 Rxb8 7. e3 Ne4 8. Bd3 b5 9. Qc2 e6 10. Nf3 f5 11. Ne5 Bb7 12. Qe2 g6 13. h4 Bd6 14. Bxe4 dxe4 15. Nd2 Bxe5 16. dxe5 Qc7 17. f4 Rd8 18. Nb3 Qb6 19. Nd4 Ke7 20. g4 Ba6 21. gxf5 exf5 22. Qg2 Kd7 23. 0-0-0 Kc8 24. Qg5 b4 25. Qf6 bxc3 26. Qxc6+ Qxc6 27. Nxc6 cxb2+ 28. Kxb2 Rd3 29. Rxd3 Bxd3 30. Rc1 Kb7 31. Nb4 Bb5 32. Rd1 Rc8 33. Nc2 Ba4 34. Rc1 Rd8 35. Nd4 Kb6 36. Rc4 Be8 37. Kc3 a5 38. a3 Kb7 39. Kc2 Kb6 40. Rc3 Ba4+ 41. Kb2 Kb7 42. Nb3 Kb6 43. Nd4 Kb7 44. Rc1 Be8 45. Kb3 Kb6 46. Rb1 Rc8 47. Rd1 Rd8 48. Rg1 Kb7 49. h5 Kb6 50. hxg6 Bxg6 51. Kc4 Rc8+ 52. Kd5 Rc3 53. Rb1+ Ka6 54. Rb3 Rxb3 55. Nxb3 h5 56. Nd2 h4 57. Kc5 Be8 58. Nf1 Kb7 59. e6 Kc7 60. Kd5 Kb6 61. Ke5 Kc5 62. Kxf5 Kd6 63. Kf6 h3 64. f5 Bh5 65. Nh2 Be8 66. Kg5 Ke5 67. Ng4+ Kd6 68. Kh4 Ke7 69. Kxh3 Bh5 70. Kh4 Be8 71. Kg5 Bc6 72. Kf4 Kd6 1-0

[Event "Arco op 38th"]
[Site "Arco"]
[Date "2016.10.12"]
[Round "5"]
[White "Hilbenz, Guntram"]
[Black "Del Nevo, Claudio"]
[Result "1/2-1/2"]
[WhiteElo "1933"]
[BlackElo "1774"]
[PlyCount "94"]
[EventDate "2016.10.08"]
[EventType "swiss"]
[EventRounds "9"]
[EventCountry "ITA"]
[SourceTitle "EXT 2017"]
[Source "ChessBase"]
[SourceDate "2016.10.25"]
[SourceVersion "1"]
[SourceVersionDate "2016.10.25"]
[SourceQuality "1"]

1. c4 d6 2. g3 Nf6 3. Bg2 c6 4. Nc3 g6 5. Rb1 Bg7 6. Nf3 0-0 7. 0-0 Nbd7 8. d3 Qc7 9. b4 Rb8 10. a4 b6 11. Bd2 Bb7 12. Qb3 Ng4 13. h3 Nge5 14. Ne1 Nf6 15. f4 Ned7 16. e4 a6 17. b5 Nc5 18. Qc2 Nh5 19. Kh2 cxb5 20. axb5 a5 21. Nf3 e6 22. d4 Nd7 23. Na4 Rbc8 24. Rfc1 Nhf6 25. Ne1 e5 26. fxe5 dxe5 27. c5 exd4 28. c6 Nh5 29. Qb3 Nxg3 30. cxb7 Qxb7 31. Kxg3 Nf6 32. e5 Ne4+ 33. Bxe4 Qxe4 34. Qf3 Bxe5+ 35. Bf4 Qf5 36. Bxe5 Qxe5+ 37. Qf4 Qe2 38. Rb2 Qe7 39. Rxc8 Qxe1+ 40. Rf2 Rxc8 41. Qxf7+ Kh8 42. Nxb6 Rc3+ 43. Kg2 Qe4+ 44. Kg1 Rc1+ 45. Rf1 Qe3+ 46. Qf2 Qxf2+ 47. Kxf2 Rc2+ 1/2-1/2

[Event "Arco op 38th"]
[Site "Arco"]
[Date "2016.10.08"]
[Round "1"]
[White "Knors, Rudi"]
[Black "Del Nevo, Claudio"]
[Result "1-0"]
[WhiteElo "2114"]
[BlackElo "1774"]
[PlyCount "63"]
[EventDate "2016.10.08"]
[EventType "swiss"]
[EventRounds "9"]
[EventCountry "ITA"]
[SourceTitle "EXT 2017"]
[Source "ChessBase"]
[SourceDate "2016.10.25"]
[SourceVersion "1"]
[SourceVersionDate "2016.10.25"]
[SourceQuality "1"]

1. Nf3 d6 2. c4 Nf6 3. Nc3 c6 4. g3 g6 5. Bg2 Bg7 6. 0-0 0-0 7. d3 Na6 8. h3 Qc7 9. Bd2 b6 10. Rb1 Bb7 11. b4 Nb8 12. Qb3 Nbd7 13. Rfc1 c5 14. a3 Bc6 15. e4 Ne5 16. Ne1 Ned7 17. Nd5 Bxd5 18. cxd5 Qd8 19. Nf3 cxb4 20. axb4 Rc8 21. Be3 Rxc1+ 22. Rxc1 Nb8 23. Qc4 Qd7 24. Nd4 Qa4 25. b5 Qxc4 26. Rxc4 Nfd7 27. Rc7 Nc5 28. Rxa7 e6 29. Nc6 exd5 30. Ne7+ Kh8 31. Nxd5 Nbd7 32. d4 1-0

[Event "Omegna op 4th"]
[Site "Omegna"]
[Date "2016.08.07"]
[Round "5"]
[White "Del Nevo, Claudio"]
[Black "Mattavelli, Italo"]
[Result "1-0"]
[WhiteElo "1807"]
[BlackElo "1784"]
[PlyCount "65"]
[EventDate "2016.08.05"]
[EventType "swiss"]
[EventRounds "5"]
[EventCountry "ITA"]
[SourceTitle "EXT 2018"]
[Source "ChessBase"]
[SourceDate "2017.10.13"]
[SourceVersion "1"]
[SourceVersionDate "2017.10.13"]
[SourceQuality "1"]

1. d4 Nf6 2. Nf3 g6 3. Bg5 Bg7 4. Bxf6 Bxf6 5. e3 d6 6. c3 Nd7 7. Bd3 e5 8. dxe5 dxe5 9. Qc2 Nc5 10. Be4 c6 11. Nbd2 Qe7 12. 0-0-0 Bg7 13. Ne1 Be6 14. Kb1 0-0-0 15. Bf3 Kb8 16. b4 e4 17. Be2 Nd7 18. Nxe4 Nb6 19. Nf3 Bc4 20. Ng3 Bxe2 21. Nxe2 Nc4 22. Qb3 b5 23. Ned4 Kb7 24. Nd2 Nxd2+ 25. Rxd2 Qe4+ 26. Kb2 Rd7 27. Rg1 Rhd8 28. Qc2 Qe7 29. Rgd1 a6 30. a3 c5 31. bxc5 Qxc5 32. Nb3 Bxc3+ 33. Qxc3 1-0

[Event "Omegna op 4th"]
[Site "Omegna"]
[Date "2016.08.07"]
[Round "4"]
[White "Mina, Marco"]
[Black "Del Nevo, Claudio"]
[Result "1-0"]
[WhiteElo "2057"]
[BlackElo "1807"]
[PlyCount "89"]
[EventDate "2016.08.05"]
[EventType "swiss"]
[EventRounds "5"]
[EventCountry "ITA"]
[SourceTitle "EXT 2018"]
[Source "ChessBase"]
[SourceDate "2017.10.13"]
[SourceVersion "1"]
[SourceVersionDate "2017.10.13"]
[SourceQuality "1"]

1. e4 d6 2. d4 Nf6 3. Nc3 c6 4. f4 g6 5. Nf3 Bg7 6. Bd3 0-0 7. 0-0 b5 8. e5 dxe5 9. fxe5 Nd5 10. Qe1 Nb4 11. Be4 f5 12. exf6 exf6 13. a3 N4a6 14. Be3 f5 15. Bd3 Re8 16. Qf2 Bb7 17. d5 Nc7 18. dxc6 Bxc6 19. Rad1 Nd7 20. Nd4 Qf6 21. Nxc6 Qxc6 22. Be4 Rxe4 23. Nxe4 Ne5 24. Nc3 a6 25. h3 Ne6 26. Nd5 Re8 27. c3 Nc4 28. Rfe1 Kf7 29. Bc1 Nd6 30. Qa7+ Qb7 31. Qxb7+ Nxb7 32. Nc7 Rd8 33. Nxe6 Rxd1 34. Ng5+ Kf6 35. Rxd1 h6 36. Nf3 g5 37. Be3 Bf8 38. b4 f4 39. Bd4+ Kf5 40. a4 h5 41. axb5 axb5 42. Re1 g4 43. Re5+ Kg6 44. Nh4+ Kf6 45. Rxb5+ 1-0

[Event "Arco op 36th"]
[Site "Arco"]
[Date "2014.10.08"]
[Round "5"]
[White "Casagrande, Fabio"]
[Black "Del Nevo, Claudio"]
[Result "1-0"]
[WhiteElo "1959"]
[BlackElo "1832"]
[PlyCount "75"]
[EventDate "2014.10.04"]
[EventType "swiss"]
[EventRounds "9"]
[EventCountry "ITA"]
[SourceTitle "EXT 2016"]
[Source "ChessBase"]
[SourceDate "2015.10.08"]
[SourceVersion "1"]
[SourceVersionDate "2015.10.08"]
[SourceQuality "1"]

1. e4 d6 2. d4 Nf6 3. Nc3 c6 4. a4 a5 5. h3 g6 6. Be3 Bg7 7. Nf3 b6 8. e5 dxe5 9. dxe5 Nfd7 10. e6 fxe6 11. Ng5 Ne5 12. Qxd8+ Kxd8 13. Bxb6+ Ke8 14. 0-0-0 Bd7 15. f4 Nf7 16. Nxf7 Kxf7 17. Bc4 Bxc3 18. bxc3 Bc8 19. Rhe1 Na6 20. Re5 c5 21. Rde1 Nb8 22. Rxc5 Bd7 23. Rce5 Rc8 24. Bxe6+ Bxe6 25. Rxe6 Nc6 26. g4 Rab8 27. Bf2 Rb7 28. Bh4 Rcc7 29. f5 Nd8 30. fxg6+ hxg6 31. R6e3 Nc6 32. Bg3 Rc8 33. Rf1+ Kg7 34. h4 Nd8 35. Be5+ Kg8 36. h5 Rc4 37. hxg6 Rxg4 38. Rh3 1-0

[Event "Omegna op-B 2nd"]
[Site "Omegna"]
[Date "2014.08.09"]
[Round "2"]
[White "Sajjadi, Kimiya"]
[Black "Del Nevo, Claudio"]
[Result "0-1"]
[WhiteElo "1531"]
[BlackElo "1832"]
[PlyCount "110"]
[EventDate "2014.08.08"]
[EventType "swiss"]
[EventRounds "5"]
[EventCountry "ITA"]
[SourceTitle "EXT 2015"]
[Source "ChessBase"]
[SourceDate "2014.11.20"]
[SourceVersion "1"]
[SourceVersionDate "2014.11.20"]
[SourceQuality "1"]

1. d4 d6 2. c4 Nf6 3. Nc3 Nbd7 4. e4 c6 5. Be3 g6 6. f3 Bg7 7. Nge2 0-0 8. Nc1 a6 9. a4 Qc7 10. Be2 b6 11. b4 c5 12. bxc5 bxc5 13. 0-0 Bb7 14. Nd5 Nxd5 15. cxd5 Qb6 16. Nb3 Rac8 17. Rb1 Qa7 18. dxc5 Nxc5 19. Nxc5 dxc5 20. Kh1 a5 21. Qd2 Ra8 22. Bxc5 Qxc5 23. Rxb7 Rfc8 24. Bb5 Bc3 25. Qg5 Bf6 26. Qd2 Be5 27. Bc6 Rd8 28. Rc1 Qd6 29. Rc4 Bxh2 30. Qg5 f6 31. Qg4 Be5 32. Rd7 Rxd7 33. Bxd7 Kg7 34. Rc1 Rb8 35. Bb5 Qa3 36. Rd1 Qb3 37. Rf1 Qc2 38. f4 Bd6 39. Qf3 Rf8 40. Bc6 Qb2 41. Rf2 Qd4 42. Rf1 h5 43. Rd1 Qb4 44. Qf1 Qxe4 45. Re1 Qf5 46. Qa6 Qxf4 47. Rxe7+ Kh6 48. g3 Qf3+ 49. Kg1 Qxg3+ 50. Kf1 Bxe7 51. Qxa5 Rb8 52. Qd2+ g5 53. Bb5 Bc5 54. Qg2 Qxg2+ 55. Kxg2 g4 0-1

[Event "Arco op 34th"]
[Site "Arco"]
[Date "2012.10.19"]
[Round "7"]
[White "Bergen, Klaus"]
[Black "Del Nevo, Claudio"]
[Result "1/2-1/2"]
[WhiteElo "1927"]
[BlackElo "1821"]
[PlyCount "55"]
[EventDate "2012.10.13"]
[EventType "swiss"]
[EventRounds "9"]
[EventCountry "ITA"]
[SourceTitle "EXT 2013"]
[Source "ChessBase"]
[SourceDate "2012.11.22"]
[SourceVersion "1"]
[SourceVersionDate "2012.11.22"]
[SourceQuality "1"]

1. e4 d6 2. d4 Nf6 3. Nc3 c6 4. f4 g6 5. Nf3 Bg7 6. Bd3 0-0 7. 0-0 b5 8. e5 dxe5 9. dxe5 Nd5 10. Nxd5 cxd5 11. Be3 a6 12. h3 Bb7 13. Nd4 e6 14. c3 Nd7 15. Nf3 Rc8 16. Qe2 Nb6 17. Bd4 Nc4 18. b3 Na5 19. Rac1 Re8 20. Qe3 Nc6 21. Bc5 Bf8 22. Bxf8 Rxf8 23. b4 Rc7 24. Nd4 Qe7 25. a3 Rfc8 26. Kh2 Nb8 27. Be2 Nd7 28. Nb3 1/2-1/2

[Event "Arco op 34th"]
[Site "Arco"]
[Date "2012.10.18"]
[Round "6"]
[White "Del Nevo, Claudio"]
[Black "Simeone, Giulio"]
[Result "0-1"]
[WhiteElo "1821"]
[BlackElo "1928"]
[PlyCount "58"]
[EventDate "2012.10.13"]
[EventType "swiss"]
[EventRounds "9"]
[EventCountry "ITA"]
[SourceTitle "EXT 2013"]
[Source "ChessBase"]
[SourceDate "2012.11.22"]
[SourceVersion "1"]
[SourceVersionDate "2012.11.22"]
[SourceQuality "1"]

1. d4 g6 2. Nf3 Bg7 3. Bg5 c5 4. c3 cxd4 5. Nxd4 Nc6 6. e3 Nf6 7. Bxf6 Bxf6 8. Bd3 0-0 9. Qc2 d5 10. Nd2 e5 11. Nxc6 bxc6 12. 0-0 e4 13. Be2 Be5 14. f3 Qb6 15. Kf2 Bf4 16. fxe4 Qxe3+ 17. Ke1 Ba6 18. c4 dxc4 19. Nxc4 Bxc4 20. Qxc4 Rad8 21. Rf3 Qg1+ 22. Bf1 Qxh2 23. Rh3 Qg1 24. Rd3 Rxd3 25. Qxd3 Bg5 26. Qg3 Bf6 27. Rb1 Rd8 28. b4 Qd4 29. Qf4 Bh4+ 0-1